Textiles Fiber to Fabric (Record no. 2324)

MARC details
000 -LEADER
fixed length control field 00310nam a2200133Ia 4500
008 - FIXED-LENGTH DATA ELEMENTS--GENERAL INFORMATION
fixed length control field 191201s2019 xx 000 0 und d
100 ## - MAIN ENTRY--PERSONAL NAME
Personal name CORBMAN, Bernard P
245 #0 - TITLE STATEMENT
Title Textiles Fiber to Fabric
250 ## - EDITION STATEMENT
Edition statement 6th
260 ## - PUBLICATION, DISTRIBUTION, ETC. (IMPRINT)
Place of publication, distribution, etc N.Delhi
Name of publisher, distributor, etc McGraw Hill
300 ## - PHYSICAL DESCRIPTION
Extent 594
650 ## - SUBJECT ADDED ENTRY--TOPICAL TERM
Topical term or geographic name as entry element B.Tech(TE)
942 ## - ADDED ENTRY ELEMENTS (KOHA)
Source of classification or shelving scheme Dewey Decimal Classification
Koha item type Text Books
Holdings
Withdrawn status Lost status Source of classification or shelving scheme Damaged status Not for loan Collection code Home library Current library Date acquired Source of acquisition Cost, normal purchase price Bill Number Total Checkouts Acc. no. / Barcode Date last seen Bill Date Koha item type Date last borrowed
    Dewey Decimal Classification     B.Tech(TE) PIET C-LIBRARY PIET C-LIBRARY 29/08/2006 M/s UDH, Delhi 16.95 10395   4976 04/12/2019 16/01/2006 Text Books  
    Dewey Decimal Classification     B.Tech(TE) PIET C-LIBRARY PIET C-LIBRARY 29/08/2006 M/s UDH, Delhi 16.95 10395 2 4977 19/11/2025 16/01/2006 Text Books 11/11/2025
    Dewey Decimal Classification     B.Tech(TE) PIET C-LIBRARY PIET C-LIBRARY 29/08/2006 M/s UDH, Delhi 16.95 10395 1 4978 12/06/2023 16/01/2006 Text Books 30/05/2023

Design & Developed by: PIET Central Library
R70 Miles Stone Pattikalyana Samalkha Panipat 132102
mail ID :- [email protected], Phone No:- 0180-2569700 Ex.216